Tous les Pokemon de type Normal (2G) - Statistiques

Statistiques générales
  • Ce quiz a été pris 8 fois
  • Le résultat moyen est 12 sur 15
Statistiques - réponses
Indices Réponses % Correct
Normal Fouinar
100%
Normal Fouinette
100%
Normal + Vol Hoothoot
100%
Normal + Vol Noarfang
100%
Normal + Psy Girafarig
83%
Normal Insolourdo
83%
Normal Leuphorie
83%
Normal Teddiursa
83%
Normal + Fée Toudoudou
83%
Normal Ursaring
83%
Normal Capumain
67%
Normal Cerfrousse
67%
Normal Queulorior
67%
Normal Ecrémeuh
50%
Normal Porygon2
50%
Aucun quiz correspondant
Distribution des résultats
% des personnes avec chaque résultat
Percentile par nombre de réponses
Votre historique - résultats
Vous n’avez pas pris ce quiz